000 00304nam a22001337a 4500
008 171202b xxu||||| |||| 00| 0 eng d
020 _a093194810X
041 _aeng
080 _a32
100 _a18
101 _aSHP
245 _aWON'T YOU OME HOME, BILLY BOB BAILEY?
_cGRIZZARD, L
942 _2udc
_cBK
999 _c38766
_d38766